<?xml version="1.0" encoding="UTF-8"?>
<record
    xmlns:xsi="http://www.w3.org/2001/XMLSchema-instance"
    xsi:schemaLocation="http://www.loc.gov/MARC21/slim http://www.loc.gov/standards/marcxml/schema/MARC21slim.xsd"
    xmlns="http://www.loc.gov/MARC21/slim">

  <leader>02435nam a22002417a 4500</leader>
  <controlfield tag="003">NALT</controlfield>
  <controlfield tag="005">20240910174655.0</controlfield>
  <controlfield tag="008">240903b        th ||||| |||| 00| 0 tha d</controlfield>
  <datafield tag="040" ind1=" " ind2=" ">
    <subfield code="a">NALT</subfield>
  </datafield>
  <datafield tag="086" ind1=" " ind2=" ">
    <subfield code="a">&#xE17;&#xE2A; 09 2.2 333.72 2566</subfield>
  </datafield>
  <datafield tag="110" ind1="2" ind2=" ">
    <subfield code="a">&#xE01;&#xE23;&#xE30;&#xE17;&#xE23;&#xE27;&#xE07;&#xE17;&#xE23;&#xE31;&#xE1E;&#xE22;&#xE32;&#xE01;&#xE23;&#xE18;&#xE23;&#xE23;&#xE21;&#xE0A;&#xE32;&#xE15;&#xE34;&#xE41;&#xE25;&#xE30;&#xE2A;&#xE34;&#xE48;&#xE07;&#xE41;&#xE27;&#xE14;&#xE25;&#xE49;&#xE2D;&#xE21;.</subfield>
    <subfield code="b">&#xE01;&#xE23;&#xE21;&#xE2D;&#xE38;&#xE17;&#xE22;&#xE32;&#xE19;&#xE41;&#xE2B;&#xE48;&#xE07;&#xE0A;&#xE32;&#xE15;&#xE34; &#xE2A;&#xE31;&#xE15;&#xE27;&#xE4C;&#xE1B;&#xE48;&#xE32; &#xE41;&#xE25;&#xE30;&#xE1E;&#xE31;&#xE19;&#xE18;&#xE38;&#xE4C;&#xE1E;&#xE37;&#xE0A;</subfield>
    <subfield code="9">34</subfield>
  </datafield>
  <datafield tag="245" ind1="1" ind2="0">
    <subfield code="a">&#xE02;&#xE49;&#xE2D;&#xE21;&#xE39;&#xE25;&#xE2A;&#xE16;&#xE34;&#xE15;&#xE34; &#xE2D;&#xE38;&#xE17;&#xE22;&#xE32;&#xE19;&#xE41;&#xE2B;&#xE48;&#xE07;&#xE0A;&#xE32;&#xE15;&#xE34; &#xE2A;&#xE31;&#xE15;&#xE27;&#xE4C;&#xE1B;&#xE48;&#xE32; &#xE41;&#xE25;&#xE30;&#xE1E;&#xE31;&#xE19;&#xE18;&#xE38;&#xE4C;&#xE1E;&#xE37;&#xE0A; &#xE1B;&#xE35; 2566 =</subfield>
    <subfield code="b">Statistical data National Parks, Wildlife and Plant 2023 /</subfield>
    <subfield code="c">&#xE01;&#xE23;&#xE21;&#xE2D;&#xE38;&#xE17;&#xE22;&#xE32;&#xE19;&#xE41;&#xE2B;&#xE48;&#xE07;&#xE0A;&#xE32;&#xE15;&#xE34; &#xE2A;&#xE31;&#xE15;&#xE27;&#xE4C;&#xE1B;&#xE48;&#xE32; &#xE41;&#xE25;&#xE30;&#xE1E;&#xE31;&#xE19;&#xE18;&#xE38;&#xE4C;&#xE1E;&#xE37;&#xE0A; &#xE01;&#xE23;&#xE30;&#xE17;&#xE23;&#xE27;&#xE07;&#xE17;&#xE23;&#xE31;&#xE1E;&#xE22;&#xE32;&#xE01;&#xE23;&#xE18;&#xE23;&#xE23;&#xE21;&#xE0A;&#xE32;&#xE15;&#xE34;&#xE41;&#xE25;&#xE30;&#xE2A;&#xE34;&#xE48;&#xE07;&#xE41;&#xE27;&#xE14;&#xE25;&#xE49;&#xE2D;&#xE21;.</subfield>
  </datafield>
  <datafield tag="260" ind1=" " ind2=" ">
    <subfield code="a">&#xE01;&#xE23;&#xE38;&#xE07;&#xE40;&#xE17;&#xE1E;&#xE2F; :</subfield>
    <subfield code="b">&#xE01;&#xE23;&#xE21;&#xE2D;&#xE38;&#xE17;&#xE22;&#xE32;&#xE19;&#xE41;&#xE2B;&#xE48;&#xE07;&#xE0A;&#xE32;&#xE15;&#xE34; &#xE2A;&#xE31;&#xE15;&#xE27;&#xE4C;&#xE1B;&#xE48;&#xE32; &#xE41;&#xE25;&#xE30;&#xE1E;&#xE31;&#xE19;&#xE18;&#xE38;&#xE4C;&#xE1E;&#xE37;&#xE0A; &#xE01;&#xE23;&#xE30;&#xE17;&#xE23;&#xE27;&#xE07;&#xE17;&#xE23;&#xE31;&#xE1E;&#xE22;&#xE32;&#xE01;&#xE23;&#xE18;&#xE23;&#xE23;&#xE21;&#xE0A;&#xE32;&#xE15;&#xE34;&#xE41;&#xE25;&#xE30;&#xE2A;&#xE34;&#xE48;&#xE07;&#xE41;&#xE27;&#xE14;&#xE25;&#xE49;&#xE2D;&#xE21;,</subfield>
    <subfield code="c">&#xE21;.&#xE1B;.&#xE1B;.</subfield>
  </datafield>
  <datafield tag="300" ind1=" " ind2=" ">
    <subfield code="a">133 &#xE2B;&#xE19;&#xE49;&#xE32; :</subfield>
    <subfield code="b">&#xE15;&#xE32;&#xE23;&#xE32;&#xE07;, &#xE41;&#xE1C;&#xE19;&#xE20;&#xE39;&#xE21;&#xE34; ;</subfield>
    <subfield code="c">26 &#xE0B;&#xE21;.</subfield>
  </datafield>
  <datafield tag="505" ind1="2" ind2=" ">
    <subfield code="a">Forest Area --
&#xE01;&#xE32;&#xE23;&#xE17;&#xE48;&#xE2D;&#xE07;&#xE40;&#xE17;&#xE35;&#xE48;&#xE22;&#xE27;&#xE43;&#xE19;&#xE2D;&#xE38;&#xE17;&#xE22;&#xE32;&#xE19;&#xE41;&#xE2B;&#xE48;&#xE07;&#xE0A;&#xE32;&#xE15;&#xE34; --
&#xE01;&#xE32;&#xE23;&#xE1B;&#xE49;&#xE2D;&#xE07;&#xE01;&#xE31;&#xE19;&#xE23;&#xE31;&#xE01;&#xE29;&#xE32;&#xE1B;&#xE48;&#xE32;&#xE41;&#xE25;&#xE30;&#xE04;&#xE27;&#xE1A;&#xE04;&#xE38;&#xE21;&#xE44;&#xE1F;&#xE1B;&#xE48;&#xE32; --
&#xE01;&#xE32;&#xE23;&#xE19;&#xE33;&#xE40;&#xE02;&#xE49;&#xE32;&#xE41;&#xE25;&#xE30;&#xE2A;&#xE48;&#xE07;&#xE2D;&#xE2D;&#xE01; --
&#xE23;&#xE32;&#xE22;&#xE44;&#xE14;&#xE49;&#xE41;&#xE25;&#xE30;&#xE07;&#xE1A;&#xE1B;&#xE23;&#xE30;&#xE21;&#xE32;&#xE13;&#xE23;&#xE32;&#xE22;&#xE08;&#xE48;&#xE32;&#xE22;&#xE02;&#xE2D;&#xE07;&#xE01;&#xE23;&#xE21;&#xE2D;&#xE38;&#xE17;&#xE22;&#xE32;&#xE19;&#xE41;&#xE2B;&#xE48;&#xE07;&#xE0A;&#xE32;&#xE15;&#xE34; &#xE2A;&#xE31;&#xE15;&#xE27;&#xE4C;&#xE1B;&#xE48;&#xE32; &#xE41;&#xE25;&#xE30;&#xE1E;&#xE31;&#xE19;&#xE18;&#xE38;&#xE4C;&#xE1E;&#xE37;&#xE0A; --
&#xE2D;&#xE31;&#xE15;&#xE23;&#xE32;&#xE01;&#xE33;&#xE25;&#xE31;&#xE07; --
&#xE1B;&#xE23;&#xE30;&#xE0A;&#xE32;&#xE01;&#xE23; --
&#xE20;&#xE39;&#xE21;&#xE34;&#xE2D;&#xE32;&#xE01;&#xE32;&#xE28;.</subfield>
  </datafield>
  <datafield tag="610" ind1="2" ind2="4">
    <subfield code="a"> &#xE2D;&#xE38;&#xE17;&#xE22;&#xE32;&#xE19;&#xE41;&#xE2B;&#xE48;&#xE07;&#xE0A;&#xE32;&#xE15;&#xE34; &#xE2A;&#xE31;&#xE15;&#xE27;&#xE4C;&#xE1B;&#xE48;&#xE32; &#xE41;&#xE25;&#xE30;&#xE1E;&#xE31;&#xE19;&#xE18;&#xE38;&#xE4C;&#xE1E;&#xE37;&#xE0A;</subfield>
    <subfield code="x">&#xE2A;&#xE16;&#xE34;&#xE15;&#xE34;</subfield>
    <subfield code="9">6533</subfield>
  </datafield>
  <datafield tag="610" ind1="2" ind2="4">
    <subfield code="a">&#xE2D;&#xE38;&#xE17;&#xE22;&#xE32;&#xE19;&#xE41;&#xE2B;&#xE48;&#xE07;&#xE0A;&#xE32;&#xE15;&#xE34; &#xE2A;&#xE31;&#xE15;&#xE27;&#xE4C;&#xE1B;&#xE48;&#xE32; &#xE41;&#xE25;&#xE30;&#xE1E;&#xE31;&#xE19;&#xE18;&#xE38;&#xE4C;&#xE1E;&#xE37;&#xE0A; </subfield>
    <subfield code="x">&#xE02;&#xE49;&#xE2D;&#xE21;&#xE39;&#xE25; </subfield>
    <subfield code="9">26918</subfield>
  </datafield>
  <datafield tag="856" ind1="4" ind2="0">
    <subfield code="u">https://www.dnp.go.th/statistics/2566/index.html</subfield>
  </datafield>
  <datafield tag="942" ind1=" " ind2=" ">
    <subfield code="c">GOV</subfield>
    <subfield code="2">local</subfield>
  </datafield>
  <datafield tag="996" ind1=" " ind2=" ">
    <subfield code="a">chunbijaya.r</subfield>
    <subfield code="b">CATSTF	</subfield>
    <subfield code="c">2024-09-03</subfield>
  </datafield>
  <datafield tag="996" ind1=" " ind2=" ">
    <subfield code="a">jamriang.p</subfield>
    <subfield code="b">CATSTF	</subfield>
    <subfield code="c">2024-09-10</subfield>
  </datafield>
  <datafield tag="999" ind1=" " ind2=" ">
    <subfield code="c">105680</subfield>
    <subfield code="d">105680</subfield>
  </datafield>
  <datafield tag="998" ind1=" " ind2=" ">
    <subfield code="j">1020</subfield>
    <subfield code="k"> &#xE19;&#xE32;&#xE07;&#xE08;&#xE33;&#xE40;&#xE23;&#xE35;&#xE22;&#xE07;  &#xE23;&#xE30;&#xE27;&#xE31;&#xE07;&#xE2A;&#xE33;&#xE42;&#xE23;&#xE07;</subfield>
  </datafield>
  <datafield tag="952" ind1=" " ind2=" ">
    <subfield code="0">0</subfield>
    <subfield code="1">0</subfield>
    <subfield code="2">local</subfield>
    <subfield code="4">0</subfield>
    <subfield code="7">0</subfield>
    <subfield code="8">CGOV</subfield>
    <subfield code="a">NALT</subfield>
    <subfield code="b">NALT</subfield>
    <subfield code="c">GOV</subfield>
    <subfield code="d">2024-09-03</subfield>
    <subfield code="l">0</subfield>
    <subfield code="o">&#xE17;&#xE2A; 09 2.2 333.72 2566</subfield>
    <subfield code="p">3961214421</subfield>
    <subfield code="r">2024-09-03 00:00:00</subfield>
    <subfield code="w">2024-09-03</subfield>
    <subfield code="y">GOV</subfield>
  </datafield>
</record>
